Los peligros del control mental

Guardat en:
Dades bibliogràfiques
Autor principal: Avila, Alberto Horacio (Autor)
Format: Llibre
Idioma:espanyol
Publicat: Buenos Aires Claretiana 1993
Col·lecció:Tercer Milenio
Matèries:
Etiquetes: Afegir etiqueta
Sense etiquetes, Sigues el primer a etiquetar aquest registre!

MARC

LEADER 00000nam a2200000 a 4500
001 UCK0789
003 CL-VaPUC
008 041022e19930000AG |||||||||||||||||spa|d
020 |a 9505122446 
082 0 4 |a 154.2  |b AVI  |2 21 
100 0 |a Avila, Alberto Horacio  |e author  |9 488681 
245 1 4 |a Los peligros del control mental 
300 |a 79 p 
942 |c BK 
945 |d 20041022 00:00:00  |a cmena 
260 |a Buenos Aires  |b Claretiana  |c 1993 
650 0 |a Hipnotismo   |9 488682 
650 0 |a Procesos mentales superiores  |9 330839 
650 0 |a Textos sagrados   |9 257605 
650 0 |a Filosofía cristiana   |9 265980 
583 |a last modification  |c 20041022 00:00:00  |k Rodrigo Vera 
490 0 |a Tercer Milenio 
999 |c 311053  |d 311051 
952 |0 0  |1 0  |4 0  |6 154_200000000000000_AVI_1993  |7 0  |8 A  |9 380256  |a BIBTEO  |b BIBTEO  |d 2019-11-21  |i 406478K  |l 1  |m 6  |o 154.2 AVI 1993  |p 406478K  |r 2025-01-17  |s 2023-11-03  |w 2019-11-21  |y BK  |k ICR